Educar en valores: guía para padres y maestros
Guardat en:
| Autor principal: | |
|---|---|
| Format: | Llibre |
| Idioma: | espanyol |
| Publicat: |
Ciudad de México
Trillas
2000
|
| Matèries: | |
| Etiquetes: |
Afegir etiqueta
Sense etiquetes, Sigues el primer a etiquetar aquest registre!
|
MARC
| LEADER | 00000nam a2200000 a 4500 | ||
|---|---|---|---|
| 001 | UCN2325 | ||
| 003 | CL-VaPUC | ||
| 008 | 010518e20000000MX |||||||||||||||||spa|d | ||
| 082 | 0 | 4 | |a 370.114 |b DIA |2 21 |
| 100 | 0 | |a Díaz, Carlos |e author |9 458087 | |
| 245 | 1 | 0 | |a Educar en valores: guía para padres y maestros |
| 300 | |a 166 p | ||
| 942 | |c BK | ||
| 945 | |d 20010518 00:00:00 |a vberengu | ||
| 260 | |a Ciudad de México |b Trillas |c 2000 | ||
| 650 | 0 | |a Educación moral |9 308319 | |
| 650 | 0 | |a Métodos de enseñanza |9 270413 | |
| 650 | 0 | |a Educación básica |9 224933 | |
| 583 | |a last modification |c 20010518 00:00:00 |k Rodrigo Vera | ||
| 999 | |c 295433 |d 295431 | ||
| 952 | |0 0 |1 0 |4 0 |6 370_114000000000000_DIA_2000 |7 0 |8 A |9 348461 |a BIBEDU |b BIBEDU |d 2019-11-20 |i 3718123 |o 370.114 DIA 2000 |p 3718123 |r 2019-11-20 |w 2019-11-20 |y BK |k EPE | ||